[Event "African-ch Open 2019"]
[Site "Hammamet"]
[Date "2019.07.14"]
[Round "6.3"]
[White "Bellahcene, Bilel"]
[Black "Oussedik, Mahfoud"]
[Result "1-0"]
[WhiteElo "2541"]
[BlackElo "2440"]
[Annotator "ChessBase"]
[PlyCount "95"]
[EventDate "2019.07.09"]
[EventType "swiss"]
[EventCountry "TUN"]
[SourceTitle "playchess.com"]
[Source "ChessBase"]
[SourceQuality "1"]
[TimeControl "5400+30"]

1. e4 {[%emt 0:01:41]} c5 {[%emt 0:00:20]} 2. Nf3 {[%emt 0:00:03]} d6 {[%emt 0:01:32]} 3. d4 {[%emt 0:00:06]} cxd4 {[%emt 0:00:03]} 4. Nxd4 {[%emt 0:00:03]} Nf6 {[%emt 0:00:04]} 5. Nc3 {[%emt 0:00:03]} a6 {[%emt 0:00:02]} 6. h4 {[%emt 0:00:03]} Nc6 {[%emt 0:00:04]} 7. Bg5 {[%emt 0:00:22]} Qb6 {[%emt 0:10:34]} 8. Nb3 {[%emt 0:00:26]} e6 {[%emt 0:01:39]} 9. Be3 {[%emt 0:07:27]} Qc7 {[%emt 0:00:14]} 10. g4 {[%emt 0:00:22]} h6 {[%emt 0:02:15]} 11. Bg2 {[%emt 0:05:09]} Ne5 {[%emt 0:02:40]} 12. g5 {[%emt 0:00:29]} hxg5 {[%emt 0:08:25]} 13. hxg5 {[%emt 0:00:11]} Rxh1+ {[%emt 0:00:05]} 14. Bxh1 {[%emt 0:00:01]} Nfd7 {[%emt 0:02:38]} 15. Nd2 {[%emt 0:05:10]} Nb6 {[%emt 0:00:49]} 16. Qe2 {[%emt 0:03:00]} Nbc4 {[%emt 0:04:45]} 17. O-O-O {[%emt 0:03:18]} Nxd2 {[%emt 0:08:15]} 18. Bxd2 {[%emt 0:00:42]} b5 {[%emt 0:00:06]} 19. f4 {[%emt 0:00:40]} Nc4 {[%emt 0:03:38]} 20. f5 {[%emt 0:00:59]} b4 {[%emt 0:05:32]} 21. Nb1 {[%emt 0:01:18]} Rb8 {[%emt 0:01:57]} 22. Bf4 {[%emt 0:05:53]} e5 {[%emt 0:03:50]} 23. Bg3 {[%emt 0:07:58]} Be7 {[%emt 0:04:22]} 24. Bh4 {[%emt 0:04:48]} Bd7 {[%emt 0:00:16]} 25. Qh5 {[%emt 0:08:04]} Rc8 {[%emt 0:19:17]} 26. g6 {[%emt 0:02:34]} f6 {[%emt 0:01:35]} 27. Qh8+ {[%emt 0:00:45]} Bf8 {[%emt 0:00:06]} 28. Qg8 {[%emt 0:00:16]} Bb5 {[%emt 0:00:32]} 29. c3 {[%emt 0:02:38]} Nb6 {[%emt 0:07:31]} 30. Qe6+ {[%emt 0:03:52]} Kd8 {[%emt 0:00:07]} 31. Qxe5 {[%emt 0:12:30]} Be7 {[%emt 0:03:14]} 32. Qd4 {[%emt 0:02:17]} bxc3 {[%emt 0:00:49]} 33. Nxc3 {[%emt 0:00:11]} Na4 {[%emt 0:02:20]} 34. Be1 {[%emt 0:00:20]} Qa5 {[%emt 0:01:55]} 35. Kb1 {[%emt 0:00:39]} Bc4 {[%emt 0:01:26]} 36. Nxa4 {[%emt 0:01:52]} Qxa4 {[%emt 0:00:16]} 37. b3 {[%emt 0:00:35]} Rb8 {[%emt 0:01:23]} 38. Bc3 {[%emt 0:04:44]} Qb5 {[%emt 0:03:51]} 39. Bb2 {[%emt 0:00:24]} Bg8 {[%emt 0:00:04]} 40. Bf3 {[%emt 0:00:00]} a5 {[%emt 0:00:00]} 41. Qd3 {[%emt 0:00:00]} Kd7 {[%emt 0:00:00]} 42. Qxb5+ {[%emt 0:00:00]} Rxb5 {[%emt 0:00:00]} 43. Be2 {[%emt 0:00:00]} Rb4 {[%emt 0:00:00]} 44. Bd3 {[%emt 0:00:00]} Bd8 {[%emt 0:00:00]} 45. Rh1 {[%emt 0:00:00]} d5 {[%emt 0:00:00]} 46. e5 {[%emt 0:00:00]} fxe5 {[%emt 0:00:00]} 47. Bc3 {[%emt 0:00:00]} Rg4 {[%emt 0:00:00]} 48. Bxe5 {[%emt 0:00:00]} 1-0

[Event "African-ch Open 2019"]
[Site "Hammamet"]
[Date "2019.07.14"]
[Round "6.4"]
[White "Munenga, Douglas D"]
[Black "Rakotomaharo, Fy Antenaina"]
[Result "0-1"]
[WhiteElo "2329"]
[BlackElo "2419"]
[Annotator "ChessBase"]
[PlyCount "134"]
[EventDate "2019.07.09"]
[EventType "swiss"]
[EventCountry "TUN"]
[SourceTitle "playchess.com"]
[Source "ChessBase"]
[SourceQuality "1"]
[TimeControl "5400+30"]

1. e4 {[%emt 0:00:01]} e5 {[%emt 0:00:00]} 2. Nf3 {[%emt 0:01:52]} Nc6 {[%emt 0:00:00]} 3. Bb5 {[%emt 0:00:11]} a6 {[%emt 0:00:00]} 4. Ba4 {[%emt 0:00:10]} d6 {[%emt 0:00:00]} 5. c3 {[%emt 0:06:48]} Bd7 {[%emt 0:00:00]} 6. d4 {[%emt 0:00:52]} g6 {[%emt 0:00:15]} 7. Bg5 {[%emt 0:00:24]} f6 {[%emt 0:00:50]} 8. Be3 {[%emt 0:00:32]} Nh6 {[%emt 0:00:09]} 9. h3 {[%emt 0:01:19]} Nf7 {[%emt 0:00:42]} 10. d5 {[%emt 0:11:17]} Ne7 {[%emt 0:00:21]} 11. Bxd7+ {[%emt 0:00:06]} Qxd7 {[%emt 0:00:05]} 12. c4 {[%emt 0:00:13]} Bg7 {[%emt 0:06:57]} 13. Nc3 {[%emt 0:00:09]} O-O {[%emt 0:00:18]} 14. Qd3 {[%emt 0:06:07]} f5 {[%emt 0:19:31]} 15. Bg5 {[%emt 0:11:19]} Nc8 {[%emt 0:08:53]} 16. Bd2 {[%emt 0:01:42]} c5 {[%emt 0:03:01]} 17. dxc6 {[%emt 0:02:25]} bxc6 {[%emt 0:00:06]} 18. Rd1 {[%emt 0:00:52]} fxe4 {[%emt 0:20:39]} 19. Qxe4 {[%emt 0:00:56]} Ne7 {[%emt 0:00:49]} 20. Bc1 {[%emt 0:06:41]} Rad8 {[%emt 0:01:05]} 21. O-O {[%emt 0:00:41]} d5 {[%emt 0:01:44]} 22. cxd5 {[%emt 0:10:53]} cxd5 {[%emt 0:00:06]} 23. Qb4 {[%emt 0:00:50]} h6 {[%emt 0:12:44]} 24. Rfe1 {[%emt 0:08:44]} Rfe8 {[%emt 0:00:16]} 25. Qh4 {[%emt 0:10:39]} Qc6 {[%emt 0:03:44]} 26. Qa4 {[%emt 0:04:22]} Qxa4 {[%emt 0:05:49]} 27. Nxa4 {[%emt 0:00:03]} Nc6 {[%emt 0:00:06]} 28. Nc3 {[%emt 0:00:46]} e4 {[%emt 0:05:33]} 29. Nh2 {[%emt 0:00:55]} Nb4 {[%emt 0:01:24]} 30. Na4 {[%emt 0:03:57]} Nd3 {[%emt 0:00:39]} 31. Re2 {[%emt 0:00:09]} Rc8 {[%emt 0:01:06]} 32. Bd2 {[%emt 0:02:12]} Rc2 {[%emt 0:00:26]} 33. Kf1 {[%emt 0:00:22]} Bxb2 {[%emt 0:04:20]} 34. f3 {[%emt 0:02:15]} Bg7 {[%emt 0:02:16]} 35. fxe4 {[%emt 0:00:33]} dxe4 {[%emt 0:00:16]} 36. Be3 {[%emt 0:00:53]} Rec8 {[%emt 0:00:19]} 37. Ng4 {[%emt 0:01:24]} h5 {[%emt 0:02:42]} 38. Nf2 {[%emt 0:00:26]} Nxf2 {[%emt 0:00:17]} 39. Rxf2 {[%emt 0:00:26]} Ne5 {[%emt 0:00:28]} 40. Rxc2 {[%emt 0:00:00]} Rxc2 {[%emt 0:00:00]} 41. Nc5 {[%emt 0:00:00]} Rxa2 {[%emt 0:00:00]} 42. Nxe4 {[%emt 0:00:00]} Nf7 {[%emt 0:00:00]} 43. Rd7 {[%emt 0:00:00]} a5 {[%emt 0:00:00]} 44. Bd4 {[%emt 0:00:00]} Bxd4 {[%emt 0:00:00]} 45. Rxd4 {[%emt 0:00:00]} Ne5 {[%emt 0:00:00]} 46. Rd5 {[%emt 0:00:00]} Nf7 {[%emt 0:00:00]} 47. Ng5 {[%emt 0:00:00]} h4 {[%emt 0:00:00]} 48. Nxf7 Kxf7 {[%emt 0:00:00]} 49. Rd4 {[%emt 0:00:00]} g5 {[%emt 0:00:00]} 50. Rd5 {[%emt 0:00:00]} Kf6 {[%emt 0:00:00]} 51. Rb5 {[%emt 0:00:00]} a4 {[%emt 0:01:27]} 52. Ra5 {[%emt 0:00:00]} a3 {[%emt 0:00:10]} 53. Kg1 {[%emt 0:00:00]} Ke6 {[%emt 0:00:20]} 54. Kf1 {[%emt 0:03:21]} Kd6 {[%emt 0:00:39]} 55. Kg1 {[%emt 0:00:17]} Kc6 {[%emt 0:00:14]} 56. Kf1 {[%emt 0:00:12]} Kb6 {[%emt 0:00:27]} 57. Ra8 {[%emt 0:00:07]} Kc5 {[%emt 0:02:55]} 58. Rc8+ {[%emt 0:03:04]} Kb4 {[%emt 0:00:07]} 59. Rb8+ {[%emt 0:01:24]} Kc3 {[%emt 0:00:05]} 60. Rc8+ {[%emt 0:01:57]} Kb3 {[%emt 0:00:25]} 61. Rb8+ {[%emt 0:00:07]} Kc2 {[%emt 0:00:04]} 62. Rc8+ {[%emt 0:00:20]} Kb1 {[%emt 0:00:39]} 63. Ra8 {[%emt 0:00:10]} Ra1 {[%emt 0:00:06]} 64. Kf2 {[%emt 0:00:49]} Ka2 {[%emt 0:00:22]} 65. g3 {[%emt 0:04:18]} Rc1 {[%emt 0:02:40]} 66. gxh4 {[%emt 0:01:19]} gxh4 {[%emt 0:00:01]} 67. Kf3 {[%emt 0:00:09]} Rg1 {[%emt 0:00:04]} 0-1

[Event "African-ch Open 2019"]
[Site "Hammamet"]
[Date "2019.07.14"]
[Round "6.5"]
[White "Douissa, Oussama"]
[Black "Hamdouchi, Hicham"]
[Result "1/2-1/2"]
[WhiteElo "2248"]
[BlackElo "2575"]
[Annotator "ChessBase"]
[PlyCount "111"]
[EventDate "2019.07.09"]
[EventType "swiss"]
[EventCountry "TUN"]
[SourceTitle "playchess.com"]
[Source "ChessBase"]
[SourceQuality "1"]
[TimeControl "5400+30"]

1. d4 {[%emt 0:00:00]} Nf6 {[%emt 0:00:00]} 2. Nf3 {[%emt 0:00:12]} g6 {[%emt 0:00:09]} 3. g3 {[%emt 0:00:29]} Bg7 {[%emt 0:00:18]} 4. Bg2 {[%emt 0:00:24]} O-O {[%emt 0:01:08]} 5. O-O {[%emt 0:00:17]} d5 {[%emt 0:00:49]} 6. c4 {[%emt 0:04:29]} Nc6 {[%emt 0:00:46]} 7. cxd5 {[%emt 0:05:20]} Nxd5 {[%emt 0:00:17]} 8. Nc3 {[%emt 0:00:55]} Nb6 {[%emt 0:00:38]} 9. d5 {[%emt 0:03:49]} Na5 {[%emt 0:00:29]} 10. Nd4 {[%emt 0:03:10]} c6 {[%emt 0:12:26]} 11. Nb3 {[%emt 0:11:01]} Nxd5 {[%emt 0:03:09]} 12. Nxd5 {[%emt 0:02:31]} cxd5 {[%emt 0:00:05]} 13. Nxa5 {[%emt 0:03:30]} Qxa5 {[%emt 0:00:57]} 14. Qxd5 {[%emt 0:00:11]} Qa6 {[%emt 0:25:22]} 15. Bf3 {[%emt 0:10:44]} Be6 {[%emt 0:10:22]} 16. Qxb7 {[%emt 0:02:00]} Qxb7 {[%emt 0:00:06]} 17. Bxb7 {[%emt 0:00:07]} Rab8 {[%emt 0:00:03]} 18. Bf3 {[%emt 0:01:15]} a5 {[%emt 0:05:46]} 19. a4 {[%emt 0:12:10]} Rfc8 {[%emt 0:01:24]} 20. Bd2 {[%emt 0:04:53]} Bxb2 {[%emt 0:01:17]} 21. Rab1 {[%emt 0:01:56]} Ba2 {[%emt 0:01:17]} 22. Rbe1 {[%emt 0:03:07]} Rc5 {[%emt 0:01:06]} 23. e4 {[%emt 0:05:29]} Rd8 {[%emt 0:13:46]} 24. Be3 {[%emt 0:00:53]} Bd4 {[%emt 0:01:09]} 25. Ra1 {[%emt 0:05:46]} Bb3 {[%emt 0:05:44]} 26. Ra3 {[%emt 0:04:15]} Bc2 {[%emt 0:03:16]} 27. Bxd4 {[%emt 0:03:41]} Rxd4 {[%emt 0:00:02]} 28. Rc1 {[%emt 0:00:24]} e5 {[%emt 0:03:23]} 29. Be2 {[%emt 0:03:07]} Rd2 {[%emt 0:02:51]} 30. Kf1 {[%emt 0:00:49]} Rd7 {[%emt 0:00:51]} 31. Ke1 {[%emt 0:01:42]} Rdc7 {[%emt 0:00:05]} 32. f3 {[%emt 0:00:31]} f5 {[%emt 0:00:49]} 33. exf5 {[%emt 0:00:28]} gxf5 {[%emt 0:00:30]} 34. Bd3 {[%emt 0:03:02]} Kf7 {[%emt 0:02:20]} 35. Kd2 {[%emt 0:01:26]} Bxd3 {[%emt 0:00:07]} 36. Rxc5 {[%emt 0:00:06]} Rxc5 {[%emt 0:00:03]} 37. Kxd3 {[%emt 0:00:43]} Ke6 {[%emt 0:01:04]} 38. Rb3 {[%emt 0:00:22]} Kd5 {[%emt 0:00:54]} 39. Rb7 {[%emt 0:00:21]} e4+ {[%emt 0:00:10]} 40. fxe4+ {[%emt 0:00:00]} fxe4+ {[%emt 0:00:00]} 41. Ke3 {[%emt 0:00:00]} Rc3+ {[%emt 0:00:00]} 42. Ke2 {[%emt 0:00:00]} Ra3 {[%emt 0:00:00]} 43. Rxh7 {[%emt 0:00:00]} Rxa4 {[%emt 0:00:00]} 44. Rd7+ {[%emt 0:00:00]} Ke6 {[%emt 0:00:00]} 45. Ra7 {[%emt 0:00:00]} Ra3 {[%emt 0:00:00]} 46. h4 {[%emt 0:00:00]} a4 {[%emt 0:00:00]} 47. h5 {[%emt 0:00:00]} Kf5 {[%emt 0:00:00]} 48. Rg7 {[%emt 0:00:00]} Ra1 {[%emt 0:00:00]} 49. h6 {[%emt 0:00:00]} Rh1 {[%emt 0:00:00]} 50. Ra7 {[%emt 0:00:00]} Rxh6 {[%emt 0:00:00]} 51. Rxa4 {[%emt 0:01:29]} Rb6 {[%emt 0:00:00]} 52. Ra5+ {[%emt 0:00:31]} Kg4 {[%emt 0:00:00]} 53. Ke3 {[%emt 0:00:20]} Re6 {[%emt 0:00:00]} 54. Ra4 {[%emt 0:00:17]} Kxg3 {[%emt 0:00:00]} 55. Rxe4 {[%emt 0:00:07]} Rxe4+ {[%emt 0:00:00]} 56. Kxe4 {[%emt 0:00:01]} 1/2-1/2

[Event "African-ch Open 2019"]
[Site "Hammamet"]
[Date "2019.07.16"]
[Round "7.1"]
[White "Rakotomaharo, Fy Antenaina"]
[Black "Bellahcene, Bilel"]
[Result "1-0"]
[WhiteElo "2419"]
[BlackElo "2541"]
[Annotator "TA"]
[PlyCount "79"]
[EventDate "2019.07.09"]
[EventType "swiss"]
[EventCountry "TUN"]

{[%evp 12,79,24,14,14,10,17,2,12,0,0,0,0,0,-7,-10,7,26,30,0,7,0,0,-29,-14,-40,-22,-22,-29,-32,-20,-31,-16,-25,-23,-41,-30,-50,26,30,33,25,24,18,33,-25,-34,-61,-36,-42,76,76,76,76,76,77,83,76,76,105,107,110,239,235,246,239,979,841,5265,5218]} 1. d4 Nf6 2. c4 e6 3. Nf3 d5 4. Nc3 Bb4 5. Qa4+ Nc6 6. e3 O-O 7. Bd2 dxc4 {D38: Queen's Gambit Declined: Ragozin Defence (4 Nf3 Bb4)} 8. Bxc4 Bd6 9. h3 (9. e4 e5 10. dxe5 Nxe5 11. Nxe5 Bxe5 12. O-O-O Qe8 13. Qxe8 Rxe8 14. f3 Be6 15. Bxe6 Rxe6 {½-½ (67) Navara,D (2727)-Harikrishna,P (2732) Prague 2018}) 9... a6 {The position is equal.} 10. a3 e5 11. d5 Ne7 $146 ({Predecessor:} 11... e4 12. Nxe4 Nxe4 13. dxc6 Nxd2 14. Nxd2 Qg5 15. Qb3 bxc6 {0-1 (26) Almeida Quintana,O (2540)-Munkhgal,G (2452) Batumi 2018}) 12. Qc2 b5 13. Ba2 Bf5 14. e4 Bd7 15. Ne2 c6 16. dxc6 Rc8 $36 {[%mdl 2048] Black has some pressure.} 17. Bc3 Nxc6 {Threatens to win with ...b4.} 18. Qd3 Qe7 19. Rd1 Bc5 20. b4 Bb6 21. O-O Be6 22. Bxe6 Qxe6 23. Ng3 Rfd8 24. Qe2 Nd4 ({Black should try} 24... Ne8 $15) 25. Bxd4 $1 $11 Bxd4 26. Nf5 Rc4 27. Rfe1 h6 28. Rd3 (28. N5xd4 $14 exd4 29. Rd3) 28... Bb6 29. Nd2 Rxd3 30. Qxd3 Nxe4 (30... Rc7 $15) 31. Nxc4 $16 Nxf2 32. Qd6 {[%mdl 64] Double Attack} bxc4 33. Ne7+ Kh7 34. Qxe6 fxe6 {[%mdl 4096] Endgame KRN-KBN} 35. Kf1 $1 Nd3 36. Re4 Bd4 (36... c3 $16 37. Rc4 Bd4) 37. Ke2 $18 Nf4+ {[#]} 38. Kd1 $1 Nd5 $2 ({Much worse is} 38... Nxg2 39. Nc6) (38... g5 39. Nc6 Nd5) 39. Nxd5 exd5 {[#]} 40. Rxd4 $1 {[%mdl 512] Accuracy: White = 54%, Black = 38%.} 1-0

[Event "African-ch Open 2019"]
[Site "Hammamet"]
[Date "2019.07.16"]
[Round "7.2"]
[White "Amin, Bassem"]
[Black "El Gindy, Essam"]
[Result "1/2-1/2"]
[WhiteElo "2707"]
[BlackElo "2423"]
[Annotator "TA"]
[PlyCount "36"]
[EventDate "2019.07.09"]
[EventType "swiss"]
[EventCountry "TUN"]

{[%evp 17,36,16,16,8,16,16,30,11,13,11,23,30,25,31,37,37,33,19,91,62,68]} 1. e4 c5 2. Nf3 Nc6 3. Bb5 g6 4. Bxc6 dxc6 5. d3 Bg7 6. h3 Nf6 7. Nc3 O-O 8. Be3 b6 9. Qd2 e5 10. a4 {B31: Sicilian: 2...Nc6 3 Bb5 g6} (10. Bh6 Qd6 11. Bxg7 Kxg7 12. a4 Ne8 13. Nh2 Nc7 14. Ng4 f6 15. f3 Ne6 16. h4 Nd4 17. h5 g5 {½-½ (54) Anand,V (2768)-Carlsen,M (2842) Saint Louis 2018}) 10... a5 11. Bh6 $146 ({Predecessor:} 11. O-O Ne8 12. Bh6 Qd6 13. Ne2 f6 14. Nh2 Bxh6 15. Qxh6 Ng7 16. Nf3 Ne6 17. Nd2 Ba6 {½-½ (35) Cuccumini,V (2062)-Senzacqua,F (2126) ICCF email 2012}) 11... Qc7 12. O-O {White has an edge.} Nh5 13. Ne2 Bxh6 14. Qxh6 f6 15. Nd2 Nf4 16. Nxf4 exf4 17. Rfe1 Be6 (17... Ba6 $11 {remains equal.}) 18. b3 Rae8 1/2-1/2

[Event "African-ch Open 2019"]
[Site "Hammamet"]
[Date "2019.07.16"]
[Round "7.3"]
[White "Fawzy, Adham"]
[Black "Adly, Ahmed"]
[Result "0-1"]
[WhiteElo "2476"]
[BlackElo "2618"]
[Annotator "TA"]
[PlyCount "114"]
[EventDate "2019.07.09"]
[EventType "swiss"]
[EventCountry "TUN"]

{[%evp 12,114,51,47,71,58,56,74,70,59,66,75,70,61,60,56,60,49,49,47,68,57,70,71,74,69,71,17,54,55,56,53,60,63,61,0,41,0,0,0,0,0,0,-7,15,-14,-12,-10,14,0,0,0,4,0,26,-12,-3,-4,-34,-19,-19,-45,-13,-52,-38,-52,-51,-61,-39,-103,-117,-105,-109,-93,-92,-89,-101,-109,-103,-104,-107,-201,-200,-303,-274,-425,-395,-422,-432,-406,-407,-510,-497,-497,-497,-650,-535,-877,-786,-1123,-1089,-1150,-779,-877,-869]} 1. e4 c5 2. Nf3 d6 3. d4 cxd4 4. Nxd4 Nf6 5. Nc3 Nc6 6. Bg5 Qb6 7. Be3 Qc7 {B60: Sicilian: Richter-Rauzer: Unusual Black 6th moves and 6...Bd7 without 7 Qd2} (7... a6 8. a3 Nxd4 9. Bxd4 Qc6 10. Bxf6 gxf6 11. Nd5 Be6 12. c4 Rg8 13. g3 Bg7 14. Bd3 f5 15. O-O {1-0 (41) Volokitin,A (2674)-Oparin,G (2526) Yerevan 2014}) 8. Ndb5 Qa5 9. Bd2 Qd8 {White is better.} 10. Nd5 Nxd5 11. exd5 Ne5 12. c4 $146 ({Predecessor:} 12. f4 Ng4 13. Nd4 Nf6 14. Bb5+ Bd7 15. Bxd7+ Qxd7 {0-1 (45) Yaremko,N (2254)-Grekh,A (2301) Lvov 2005}) 12... a6 13. Nd4 g6 14. Bc3 Bg7 15. Be2 O-O 16. O-O e6 17. dxe6 fxe6 18. Qd2 Qc7 19. Rac1 (19. Nc2 $16) 19... Bd7 20. Rfd1 Nf7 {White should prevent ...Bh6.} 21. Qe1 Bh6 22. Bd2 Bg7 23. Bc3 ({White should try} 23. Be3 $14) 23... Rae8 24. c5 {Ba5 is the strong threat.} dxc5 25. Nb3 {Threatens to win with Nxc5!} b6 26. Bxg7 Kxg7 27. Bxa6 Ba4 28. Bc4 Qf4 29. Qc3+ Kg8 30. Rf1 Ne5 31. Nd2 Rf5 $132 {[%mdl 2048] Black is not keeping still} 32. Rce1 {And now Re4 would win.} Bc6 33. Re3 (33. f3 $5 {[%cal Re1e4]} b5 34. Bb3 $11) 33... Rh5 {[%csl Gh5][%cal Rf4h2]} 34. Rg3 $1 Rh4 {[%cal Re5c4]} 35. Be2 Rd8 36. Rd1 Qf5 37. Nf1 Rhd4 38. Re1 Rf8 39. f3 Rfd8 40. Qc1 (40. Ne3 $15 Qf4 41. Nc2) 40... Qf6 $17 41. Ne3 Rd2 42. Qc3 {[#]} Rxb2 $1 {[%mdl 512]} 43. Qxb2 Nxf3+ $1 {[%mdl 64] Discovered Attack} 44. Bxf3 Qxb2 45. Bxc6 Qxa2 46. h4 (46. Ng4 $17 {was worth a try.}) 46... Qa5 $19 47. Rf1 {[#]} (47. Kf1 $142) 47... c4 $1 {[%mdl 512]} 48. Kh2 (48. Rh3 $142) (48. Nxc4 Qc5+) 48... Qc5 49. Be4 Rd4 50. Ng4 {[#]} Kg7 $1 51. Ra1 {Strongly threatening Ra7+.} b5 {[%cal Bb6b5,Bb5b4,Bb4b3][%mdl 32] Black is clearly winning.} ({Weaker is} 51... Rxe4 52. Ra7+ Kh8 53. Ra8+ Kg7 54. Ra7+ Kh8 55. Ra8+ Kg7 56. Ra7+ $11) 52. Rga3 {Black must now prevent Ra7+.} Rd7 ({Inferior is} 52... Rxe4 53. Ra7+ Qxa7 54. Rxa7+ Kf8 55. Nf6 $11) 53. Rg3 b4 54. Rc1 Rd4 55. Re3 Qd6+ 56. Kh3 b3 57. Rce1 Rd1 {Accuracy: White = 56%, Black = 66%.} 0-1

[Event "African-ch Open 2019"]
[Site "Hammamet"]
[Date "2019.07.16"]
[Round "7.4"]
[White "Arab, Adlane"]
[Black "Hamdouchi, Hicham"]
[Result "1-0"]
[WhiteElo "2479"]
[BlackElo "2575"]
[Annotator "ChessBase"]
[PlyCount "75"]
[EventDate "2019.07.09"]
[EventType "swiss"]
[EventCountry "TUN"]
[TimeControl "5400+30"]

1. d4 {[%emt 0:00:00]} d6 {[%emt 0:00:00]} 2. Nf3 {[%emt 0:00:00]} g6 {[%emt 0:00:00]} 3. c4 {[%emt 0:00:43]} Bg7 {[%emt 0:00:00]} 4. Nc3 {[%emt 0:00:09]} Nc6 {[%emt 0:00:28]} 5. h3 {[%emt 0:04:00]} e5 {[%emt 0:03:53]} 6. Bg5 {[%emt 0:02:18]} f6 {[%emt 0:04:21]} 7. Bh4 {[%emt 0:00:08]} g5 {[%emt 0:03:53]} 8. Bg3 {[%emt 0:00:08]} exd4 {[%emt 0:18:35]} 9. Nxd4 {[%emt 0:00:25]} f5 {[%emt 0:00:19]} 10. Nxc6 {[%emt 0:07:15]} bxc6 {[%emt 0:02:13]} 11. e3 {[%emt 0:00:07]} Rb8 {[%emt 0:03:21]} 12. Qd2 {[%emt 0:02:10]} Nf6 {[%emt 0:04:21]} 13. Be2 {[%emt 0:05:00]} O-O {[%emt 0:02:39]} 14. Rb1 {[%emt 0:09:50]} Qe7 {[%emt 0:06:10]} 15. O-O {[%emt 0:11:21]} g4 {[%emt 0:00:33]} 16. f4 {[%emt 0:06:05]} Re8 {[%emt 0:11:02]} 17. Bf2 {[%emt 0:00:26]} Kh8 {[%emt 0:00:28]} 18. hxg4 {[%emt 0:11:41]} fxg4 {[%emt 0:01:25]} 19. e4 {[%emt 0:04:00]} Nxe4 {[%emt 0:06:33]} 20. Nxe4 {[%emt 0:00:06]} Qxe4 {[%emt 0:00:02]} 21. Bd3 {[%emt 0:00:12]} Qe7 {[%emt 0:00:50]} 22. Rfe1 {[%emt 0:00:08]} Qf7 {[%emt 0:00:39]} 23. Rxe8+ {[%emt 0:00:13]} Qxe8 {[%emt 0:00:04]} 24. Bxa7 {[%emt 0:01:14]} Ra8 {[%emt 0:08:36]} 25. Re1 {[%emt 0:05:26]} Qg8 {[%emt 0:01:48]} 26. Bf2 {[%emt 0:03:03]} Be6 {[%emt 0:05:27]} 27. b3 {[%emt 0:05:31]} Bf6 {[%emt 0:00:23]} 28. g3 {[%emt 0:00:18]} Qf7 {[%emt 0:03:12]} 29. a4 {[%emt 0:00:36]} d5 {[%emt 0:00:47]} 30. f5 {[%emt 0:06:33]} Bd7 {[%emt 0:01:32]} 31. c5 {[%emt 0:01:43]} Rb8 {[%emt 0:02:07]} 32. b4 {[%emt 0:01:51]} d4 {[%emt 0:00:06]} 33. Re4 {[%emt 0:02:45]} Bxf5 {[%emt 0:01:19]} 34. Rf4 {[%emt 0:02:34]} Bxd3 {[%emt 0:03:30]} 35. Qxd3 {[%emt 0:00:04]} Rxb4 {[%emt 0:00:14]} 36. Qf5 {[%emt 0:00:07]} Kg7 {[%emt 0:00:19]} 37. Rxg4+ {[%emt 0:00:13]} Kf8 {[%emt 0:00:13]} 38. Qc8+ {[%emt 0:00:07]} 1-0

[Event "African-ch Open 2019"]
[Site "Hammamet"]
[Date "2019.07.16"]
[Round "7.5"]
[White "Oussedik, Mahfoud"]
[Black "Solomon, Kenny"]
[Result "0-1"]
[WhiteElo "2440"]
[BlackElo "2375"]
[Annotator "ChessBase"]
[PlyCount "86"]
[EventDate "2019.07.09"]
[EventType "swiss"]
[EventCountry "TUN"]
[TimeControl "5400+30"]

1. d4 {[%emt 0:00:00]} Nf6 {[%emt 0:00:00]} 2. c4 {[%emt 0:00:00]} c5 {[%emt 0:00:00]} 3. d5 {[%emt 0:00:00]} g6 {[%emt 0:00:05]} 4. Nc3 {[%emt 0:00:03]} d6 {[%emt 0:00:08]} 5. e4 {[%emt 0:00:05]} Bg7 {[%emt 0:00:17]} 6. Be2 {[%emt 0:00:10]} O-O {[%emt 0:00:35]} 7. Nf3 {[%emt 0:00:03]} e5 {[%emt 0:00:54]} 8. O-O {[%emt 0:00:48]} Ne8 {[%emt 0:00:05]} 9. Ne1 {[%emt 0:02:11]} f5 {[%emt 0:00:05]} 10. f3 {[%emt 0:00:19]} Nd7 {[%emt 0:03:10]} 11. Nd3 {[%emt 0:01:05]} f4 {[%emt 0:04:12]} 12. a3 {[%emt 0:05:50]} Ndf6 {[%emt 0:00:10]} 13. b4 {[%emt 0:02:06]} b6 {[%emt 0:00:01]} 14. bxc5 {[%emt 0:09:00]} bxc5 {[%emt 0:01:07]} 15. Rb1 {[%emt 0:00:56]} Nh5 {[%emt 0:00:22]} 16. Nf2 {[%emt 0:02:17]} Bf6 {[%emt 0:08:58]} 17. Bd2 {[%emt 0:01:16]} Bh4 {[%emt 0:00:25]} 18. Be1 {[%emt 0:06:37]} Neg7 {[%emt 0:49:15]} 19. Nh1 {[%emt 0:03:51]} Bxe1 {[%emt 0:01:48]} 20. Qxe1 {[%emt 0:00:28]} g5 {[%emt 0:01:41]} 21. Qd2 {[%emt 0:03:31]} Nf6 {[%emt 0:00:59]} 22. g4 {[%emt 0:02:44]} fxg3 {[%emt 0:00:54]} 23. hxg3 {[%emt 0:00:04]} Nfh5 {[%emt 0:02:06]} 24. Rf2 {[%emt 0:18:06]} Qf6 {[%emt 0:06:59]} 25. Rh2 {[%emt 0:02:14]} Qg6 {[%emt 0:01:12]} 26. Nf2 {[%emt 0:00:30]} Nxg3 {[%emt 0:00:47]} 27. Rg2 {[%emt 0:01:08]} Nxe2+ {[%emt 0:00:59]} 28. Nxe2 {[%emt 0:01:11]} h6 {[%emt 0:03:00]} 29. Rb3 {[%emt 0:02:30]} Ba6 {[%emt 0:02:22]} 30. Qc3 {[%emt 0:01:54]} Rf7 {[%emt 0:01:42]} 31. Ng4 {[%emt 0:03:43]} Raf8 {[%emt 0:00:35]} 32. Nh2 {[%emt 0:00:04]} Nh5 {[%emt 0:01:50]} 33. Rf2 {[%emt 0:00:39]} Kh7 {[%emt 0:00:53]} 34. Rg2 {[%emt 0:01:06]} Bc8 {[%emt 0:03:38]} 35. Rb8 {[%emt 0:05:05]} Bh3 {[%emt 0:00:19]} 36. Rxf8 {[%emt 0:00:20]} Rxf8 {[%emt 0:00:02]} 37. Rf2 {[%emt 0:00:10]} Rf7 {[%emt 0:02:34]} 38. Qd3 {[%emt 0:04:02]} Rg7 {[%emt 0:02:03]} 39. Qb1 {[%emt 0:03:43]} Rf7 {[%emt 0:01:50]} 40. Qb8 {[%emt 0:00:00]} Qf6 {[%emt 0:00:00]} 41. Nf1 {[%emt 0:00:00]} g4 {[%emt 0:00:00]} 42. Nfg3 {[%emt 0:00:00]} Nxg3 {[%emt 0:00:00]} 43. Nxg3 {[%emt 0:00:00]} gxf3 {[%emt 0:00:00]} 0-1